<?xml version="1.0" encoding="UTF-8"?>
<collection xmlns="http://www.loc.gov/MARC21/slim">
    <record>
        <controlfield tag="001">61000</controlfield>
        <controlfield tag="005">20200221144325.0</controlfield>
        <datafield tag="024" ind1="7" ind2=" ">
            <subfield code="2">doi</subfield>
            <subfield code="a">10.1080/00102202.2016.1138824</subfield>
        </datafield>
        <datafield tag="024" ind1="8" ind2=" ">
            <subfield code="2">sideral</subfield>
            <subfield code="a">93366</subfield>
        </datafield>
        <datafield tag="037" ind1=" " ind2=" ">
            <subfield code="a">ART-2016-93366</subfield>
        </datafield>
        <datafield tag="041" ind1=" " ind2=" ">
            <subfield code="a">eng</subfield>
        </datafield>
        <datafield tag="100" ind1=" " ind2=" ">
            <subfield code="0">(orcid)0000-0001-7559-9669</subfield>
            <subfield code="a">Abián, M.</subfield>
        </datafield>
        <datafield tag="245" ind1=" " ind2=" ">
            <subfield code="a">Interaction soot-SO2. Experimental and kinetic analysis</subfield>
        </datafield>
        <datafield tag="260" ind1=" " ind2=" ">
            <subfield code="c">2016</subfield>
        </datafield>
        <datafield tag="506" ind1="0" ind2=" ">
            <subfield code="a">Access copy available to the general public</subfield>
            <subfield code="f">Unrestricted</subfield>
        </datafield>
        <datafield tag="520" ind1="3" ind2=" ">
            <subfield code="a">This study aims to evaluate the capability of SO2 to interact with soot and to determine the kinetics of this reaction under conditions of interest for combustion. The conditions of the soot reactivity experiments were: 1% SO2 with nitrogen to balance, around 10 mg of soot, and different reaction temperatures for each run: 1275, 1325, 1375, 1425, and 1475 K. Results demonstrate that SO2 does interact with soot. The evaluation of the soot reactivity has been based on the calculation of the time for the complete conversion of carbon through the employment of the Shrinking Core Model equations for decreasing size particle with chemical reaction control. The reactivity of soot with SO2 increased by a factor of about 3 when increasing the reaction temperature of the test from 1275 K to 1475 K. Kinetics in terms of Arrhenius parameters showed that the activation energy of the interaction of soot with SO2 was around 82 kJ/mol.</subfield>
        </datafield>
        <datafield tag="536" ind1=" " ind2=" ">
            <subfield code="9">info:eu-repo/grantAgreement/ES/MINECO/CTQ2012-34423</subfield>
            <subfield code="9">info:eu-repo/grantAgreement/ES/MINECO/FPDI-2013-16172</subfield>
        </datafield>
        <datafield tag="540" ind1=" " ind2=" ">
            <subfield code="9">info:eu-repo/semantics/openAccess</subfield>
            <subfield code="a">by</subfield>
            <subfield code="u">http://creativecommons.org/licenses/by/3.0/es/</subfield>
        </datafield>
        <datafield tag="590" ind1=" " ind2=" ">
            <subfield code="a">1.241</subfield>
            <subfield code="b">2016</subfield>
        </datafield>
        <datafield tag="591" ind1=" " ind2=" ">
            <subfield code="a">ENGINEERING, MULTIDISCIPLINARY</subfield>
            <subfield code="b">36 / 85 = 0.424</subfield>
            <subfield code="c">2016</subfield>
            <subfield code="d">Q2</subfield>
            <subfield code="e">T2</subfield>
        </datafield>
        <datafield tag="591" ind1=" " ind2=" ">
            <subfield code="a">THERMODYNAMICS</subfield>
            <subfield code="b">35 / 58 = 0.603</subfield>
            <subfield code="c">2016</subfield>
            <subfield code="d">Q3</subfield>
            <subfield code="e">T2</subfield>
        </datafield>
        <datafield tag="591" ind1=" " ind2=" ">
            <subfield code="a">ENERGY &amp; FUELS</subfield>
            <subfield code="b">63 / 92 = 0.685</subfield>
            <subfield code="c">2016</subfield>
            <subfield code="d">Q3</subfield>
            <subfield code="e">T3</subfield>
        </datafield>
        <datafield tag="591" ind1=" " ind2=" ">
            <subfield code="a">ENGINEERING, CHEMICAL</subfield>
            <subfield code="b">82 / 135 = 0.607</subfield>
            <subfield code="c">2016</subfield>
            <subfield code="d">Q3</subfield>
            <subfield code="e">T2</subfield>
        </datafield>
        <datafield tag="592" ind1=" " ind2=" ">
            <subfield code="a">0.416</subfield>
            <subfield code="b">2016</subfield>
        </datafield>
        <datafield tag="593" ind1=" " ind2=" ">
            <subfield code="a">Chemical Engineering (miscellaneous)</subfield>
            <subfield code="c">2016</subfield>
            <subfield code="d">Q2</subfield>
        </datafield>
        <datafield tag="593" ind1=" " ind2=" ">
            <subfield code="a">Chemistry (miscellaneous)</subfield>
            <subfield code="c">2016</subfield>
            <subfield code="d">Q2</subfield>
        </datafield>
        <datafield tag="593" ind1=" " ind2=" ">
            <subfield code="a">Physics and Astronomy (miscellaneous)</subfield>
            <subfield code="c">2016</subfield>
            <subfield code="d">Q2</subfield>
        </datafield>
        <datafield tag="593" ind1=" " ind2=" ">
            <subfield code="a">Fuel Technology</subfield>
            <subfield code="c">2016</subfield>
            <subfield code="d">Q2</subfield>
        </datafield>
        <datafield tag="593" ind1=" " ind2=" ">
            <subfield code="a">Energy Engineering and Power Technology</subfield>
            <subfield code="c">2016</subfield>
            <subfield code="d">Q2</subfield>
        </datafield>
        <datafield tag="655" ind1=" " ind2="4">
            <subfield code="a">info:eu-repo/semantics/article</subfield>
            <subfield code="v">info:eu-repo/semantics/acceptedVersion</subfield>
        </datafield>
        <datafield tag="700" ind1=" " ind2=" ">
            <subfield code="0">(orcid)0000-0001-5426-6486</subfield>
            <subfield code="a">Millera, A.</subfield>
            <subfield code="u">Universidad de Zaragoza</subfield>
        </datafield>
        <datafield tag="700" ind1=" " ind2=" ">
            <subfield code="0">(orcid)0000-0002-5420-0943</subfield>
            <subfield code="a">Bilbao, R.</subfield>
            <subfield code="u">Universidad de Zaragoza</subfield>
        </datafield>
        <datafield tag="700" ind1=" " ind2=" ">
            <subfield code="0">(orcid)0000-0003-4679-5761</subfield>
            <subfield code="a">Alzueta, M.U.</subfield>
            <subfield code="u">Universidad de Zaragoza</subfield>
        </datafield>
        <datafield tag="710" ind1="2" ind2=" ">
            <subfield code="1">5005</subfield>
            <subfield code="2">555</subfield>
            <subfield code="a">Universidad de Zaragoza</subfield>
            <subfield code="b">Dpto. Ing.Quím.Tecnol.Med.Amb.</subfield>
            <subfield code="c">Área Ingeniería Química</subfield>
        </datafield>
        <datafield tag="710" ind1="2" ind2=" ">
            <subfield code="1">5005</subfield>
            <subfield code="2">790</subfield>
            <subfield code="a">Universidad de Zaragoza</subfield>
            <subfield code="b">Dpto. Ing.Quím.Tecnol.Med.Amb.</subfield>
            <subfield code="c">Área Tecnologi. Medio Ambiente</subfield>
        </datafield>
        <datafield tag="773" ind1=" " ind2=" ">
            <subfield code="g">188, 4-5 (2016), 482-491</subfield>
            <subfield code="p">Combust. sci. technol.</subfield>
            <subfield code="t">COMBUSTION SCIENCE AND TECHNOLOGY</subfield>
            <subfield code="x">0010-2202</subfield>
        </datafield>
        <datafield tag="856" ind1="4" ind2=" ">
            <subfield code="s">911834</subfield>
            <subfield code="u">http://zaguan.unizar.es/record/61000/files/texto_completo.pdf</subfield>
            <subfield code="y">Postprint</subfield>
        </datafield>
        <datafield tag="856" ind1="4" ind2=" ">
            <subfield code="s">26021</subfield>
            <subfield code="u">http://zaguan.unizar.es/record/61000/files/texto_completo.jpg?subformat=icon</subfield>
            <subfield code="x">icon</subfield>
            <subfield code="y">Postprint</subfield>
        </datafield>
        <datafield tag="909" ind1="C" ind2="O">
            <subfield code="o">oai:zaguan.unizar.es:61000</subfield>
            <subfield code="p">articulos</subfield>
            <subfield code="p">driver</subfield>
        </datafield>
        <datafield tag="951" ind1=" " ind2=" ">
            <subfield code="a">2020-02-21-13:43:27</subfield>
        </datafield>
        <datafield tag="980" ind1=" " ind2=" ">
            <subfield code="a">ARTICLE</subfield>
        </datafield>
    </record>

    
</collection>